Trafili kameňom /?/ do vežičky

Bibliographic Details
Main Author: Lissy, Štefan (Author)
Corporate Author: Kostol sv. Petra a Pavla (Stará Ľubovňa, Slovensko) (Author)
Format: Article
Language:Slovak
Subjects:

MARC

LEADER 00000nab a2200000 a 4500
001 vtls001026334
003 SK-MaSNL
005 20260303042819.0
008 040720e19990715xo 0 slo
035 |a SL4888 
040 |a SLLK  |b slo  |c SLLK  |e AACR2 
041 0 |a slo 
044 |a xo  |c SK 
080 |a 343.77  |2 1981 
100 1 |a Lissy, Štefan  |4 aut  |9 1023198 
245 1 0 |a Trafili kameňom /?/ do vežičky 
610 2 7 |a Kostol sv. Petra a Pavla (Stará Ľubovňa, Slovensko)  |2 SLLK  |9 1023219 
650 0 7 |a vandalizmus  |2 SLLK  |9 396938 
650 0 7 |a výplne sklenené  |2 SLLK  |9 1029487 
650 0 7 |a rozbitie  |2 SLLK  |9 1029488 
650 0 7 |a články  |2 SLLK  |9 26528 
651 7 |a Stará Ľubovňa (Slovensko)  |2 SLLK  |9 19193 
651 7 |a SL,  |2 SLLK  |9 1022390 
655 7 |a periodikum  |2 snkbucl  |9 29553 
710 2 |a Kostol sv. Petra a Pavla (Stará Ľubovňa, Slovensko)  |4 aut  |9 1023219 
773 0 8 |t Ľubovnianske noviny  |g Roč. 25, č.28, 15.7.1999, s. 3 
852 |a ZVYKNI  |b KIS3GCP 
999 |c 1693913  |d 1695843